History Quiz

Random History or Biography Quiz

Premature Obituaries II Quiz Stats

 Plays Quiz Updated Aug 27, 2017

Challenge
Share
Tweet
Embed
Score 0/26 Timer 08:00
0 Plays Today
% Correct
Elizabeth the Queen Mother
92.6%
Miley Cyrus
92.1%
Sharon Osbourne
91.7%
Dick Cheney
91.7%
Rudyard Kipling
88.9%
P.T. Barnum
87.3%
Gabriel García Márquez
87%
Neil Young
86.3%
Joe DiMaggio
83.5%
Lou Ferrigno
83%
Fats Domino
80.6%
John Madden
77.9%
Terry Gilliam
77.2%
% Correct
Alice Cooper
74.9%
Bob Hope
74.4%
Peter Boyle
70.7%
Gotye
68.3%
James Earl Jones
67.3%
Lou Reed
66.3%
George Soros
66.3%
Samuel Taylor Coleridge
64.5%
Nora Ephron
63.7%
John Wooden
62.6%
Mark McGrath
61.7%
Bertrand Russell
57.8%
Harold Pinter
49.6%

You're not logged in!

Compare scores with friends on all Sporcle quizzes.
Join for Free
OR
Log In

You Might Also Like...

Show Comments

Extras

Top Quizzes Today


Score Distribution

Your Account Isn't Verified!

In order to create a playlist on Sporcle, you need to verify the email address you used during registration. Go to your Sporcle Settings to finish the process.

Report this User

Report this user for behavior that violates our Community Guidelines.

Details: